书目信息 |
| 题名: |
政治经济学
|
|
| 作者: | 魏埙 主编 | |
| 分册: | 资本主义部分 | |
| 出版信息: | 西安 陕西人民出版社 1986 |
|
| 页数: | 479页 | |
| 开本: | 20cm | |
| 丛书名: | ||
| 单 册: | ||
| 中图分类: | F01-43 | |
| 科图分类: | ||
| 主题词: | 政治经济学-资本主义经济--高等教育--教材 , 资本主义经济-政治经济学--高等教育--教材 | |
| 电子资源: | ||
| ISBN: | 4094.105 | |
| 000 | 00680nam0 2200241 450 | |
| 001 | 0186002977 | |
| 005 | 20130329124502.0 | |
| 010 | @a4094.105@dCNY2.90 | |
| 091 | @a4094.105 | |
| 100 | @a20130329d1986 em y0chiy0110 ea | |
| 101 | 0 | @achi |
| 102 | @aCN@b610000 | |
| 105 | @ay z 000yy | |
| 106 | @ar | |
| 200 | 1 | @a政治经济学@9Zheng Zhi Jing Ji Xue @i资本主义部分@f魏埙主编 |
| 210 | @a西安@c陕西人民出版社@d1986 | |
| 215 | @a479页@d20cm | |
| 606 | 0 | @a政治经济学-资本主义经济@x高等教育@x教材 |
| 606 | 0 | @a资本主义经济-政治经济学@x高等教育@x教材 |
| 690 | @aF01-43@v3 | |
| 701 | 0 | @a魏埙@9wei xun@4主编 |
| 801 | 0 | @aCN@bAzMarc@c20130904 |
| 905 | @aBZT@dF01@e2@f6@sF01/2 | |
| 政治经济学.资本主义部分/魏埙主编.-西安:陕西人民出版社,1986 |
| 479页;20cm |
| ISBN 4094.105:CNY2.90 |
| ● |
| 相关链接 |
|
|
|
正题名:政治经济学
索取号:F01/2
 
预约/预借
| 序号 | 登录号 | 条形码 | 馆藏地/架位号 | 状态 | 备注 |